Castellano 3º Básico

I tiakina i:
Ngā taipitopito rārangi puna kōrero
Kaituhi matua: Contreras V., Pablo Eugenio (Author)
Hōputu: Pukapuka
Reo:Pāniora
I whakaputaina: Santiago Arrayán 1992
Ngā marau:
Ngā Tūtohu: Tāpirihia he Tūtohu
Kāore He Tūtohu, Me noho koe te mea tuatahi ki te tūtohu i tēnei pūkete!

MARC

LEADER 00000nam a2200000 a 4500
001 UCT0806
003 CL-VaPUC
008 960906e19920000CL |||||||||||||||||spa|d
082 0 4 |a 372.6  |b CON  |2 21 
100 0 |a Contreras V., Pablo Eugenio  |e author  |9 369304 
245 1 0 |a Castellano 3º Básico 
300 |a 144 p 
942 |c BK 
945 |d 19960906 00:00:00  |a nastorga 
260 |a Santiago  |b Arrayán  |c 1992 
650 0 |a Lectura  |9 307634 
650 0 |a Cuentos  |9 308079 
650 0 |a Diccionarios  |9 256200 
650 0 |a Libros de texto  |9 270019 
650 0 |a Educación básica   |9 224933 
650 0 |a Español  |9 255372 
650 0 |a Educación lingüística  |9 306506 
650 0 |a Escritura  |9 264941 
650 0 |a Enseñanza de la lectura  |9 308364 
583 |a last modification  |c 20170816 01:05:55  |k Rodrigo Vera 
999 |c 251508  |d 251506 
952 |0 0  |1 0  |4 0  |6 372_600000000000000_CON_1992  |7 0  |8 P  |9 270715  |a BIBEDU  |b BIBEDU  |c BIBEDU_PB  |d 2019-11-19  |i 3229335  |o 372.6 CON 1992  |p 3229335  |r 2024-01-25  |w 2019-11-19  |y BK  |k EDU